| 000 | 01024nam a2200265Ia 4500 | ||
|---|---|---|---|
| 001 | 21969 | ||
| 005 | 20260320113329.0 | ||
| 008 | 260320s9999||||xx |||||||||||||| ||und|| | ||
| 020 | _a9789972516122 | ||
| 041 | _aESP | ||
| 082 |
_a304.873085 _bB45 |
||
| 100 |
_aBerg, Ulla D., _eAUT |
||
| 245 | 0 |
_aSujetos móviles : _braza, migración y pertenencia en el Perú y los Estados Unidos |
|
| 246 |
_aMobile selves : _5race, migration, and belonging in Peru and the US _b |
||
| 250 | _aPrimera edición | ||
| 260 |
_aLima : _bIEP Instituto de Estudios Peruanos, _c2016 |
||
| 300 |
_a343 páginas : _bilustraciones, fotografías ; _c23 cm. _e |
||
| 440 |
_a(Urbanización, migraciones y cambios en la sociedad peruana _n; número 27) _v |
||
| 650 | _aCIS | ||
| 653 | _aIdentidad étnica; Migración transnacional; Razas; Clases sociales | ||
| 654 | _aCHU | ||
| 700 |
_a _c |
||
| 856 |
_uhttps://0u20jme4p-y-https-www-jstor-org.itmsp.museknowledge.com/ _zVéase además: Base de datos JSTOR |
||
| 942 |
_cLIB _dJUS _fMAT _2ddc _n |
||
| 999 |
_c21969 _d21969 |
||